000 00706nam a2200241Ia 4500
003 OSt
005 20221007080216.0
006 a|||||r|||| 00| 0
007 ta
008 221006b |||||||| |||| 00| 0 eng d
024 _a30,440
037 _cTextual
040 _aFLL
_cFLL
_beng
041 _2eng
_aeng
082 _aX64(Z), P8
100 _aPillai K.N. Chandrasekharan Ed.
_9694718
245 0 _aPrevention of money laundering
260 _aNew Delhi
_bThe Indian Law Institute India
_c2008
300 _av,267p
_ccm.
700 _a Julian A. Francis
_9694719
942 _hX64(Z), P8
_cTEXL
_2CC
999 _c1158669
_d1158669